000 00255nam a22001217a 4500
003 SGT
082 _a823
_bHAR
100 _aHARDY THOMAS
245 _aTHE MAYOR OF CASTERBRIDGE
260 _aUSA
_bPENGUIN PUB
_c1886
300 _a437
942 _2ddc
_cBK
999 _c33990
_d33990